Movies Quiz

Random Movies or Box Office Quiz
Score 0/30 Timer 08:00
2 Plays Today
% Correct
Shrek 2
98.3%
The Incredibles
97%
Spider-Man 2
96.7%
The Polar Express
92.6%
Mean Girls
88%
Harry Potter and the Prisoner of Azkaban
87.3%
Meet the Fockers
86.1%
Anchorman: The Legend of Ron Burgundy
86.1%
I, Robot
85.5%
National Treasure
84.9%
DodgeBall: A True Underdog Story
84.6%
The Passion of the Christ
82.1%
Ocean's Twelve
81.5%
50 First Dates
80.9%
Shark Tale
80.1%
% Correct
Million Dollar Baby
76.8%
The SpongeBob SquarePants Movie
76%
Troy
74.6%
Lemony Snicket's A Series of Unfortunate Events
68.9%
The Bourne Supremacy
68.9%
The Aviator
68.7%
The Day After Tomorrow
68.2%
Starsky and Hutch
66.7%
Van Helsing
58.8%
The Grudge
46.5%
Along Came Polly
45%
The Princess Diaries 2: Royal Engagement
42.5%
The Village
40.8%
Collateral
39.3%
Fahrenheit 9/11
28.9%
Remove Ads.
Support Sporcle.
Get the best of Sporcle when you Go Orange. This ad-free experience offers more features, more stats, and more fun while also helping to support Sporcle. Thank you for becoming a member.

You're not logged in!

Compare scores with friends on all Sporcle quizzes.
OR
Log In

Sporcle TV

Today on Sporcle TV


Watch our educational content, quiz creation guides, and fun videos on Sporcle TV.

Show Comments

Extras

Top Quizzes Today


Score Distribution

Paid Content

Your Account Isn't Verified!

In order to create a playlist on Sporcle, you need to verify the email address you used during registration. Go to your Sporcle Settings to finish the process.

Report this User

Report this user for behavior that violates our Community Guidelines.

Details: